Countries With the Most World Titles by Sport - Statistics

General Stats
  • This quiz has been taken 1,643 times
  • The average score is 34 of 39
Answer Stats
# Country % Correct
Soccer 5 Brazil
100%
Formula 1 101 Brazil
100%
Basketball 2 Brazil
100%
Soccer 4 Germany
99%
Formula 1 179 Germany
99%
Field Hockey 3 Germany
99%
Tennis 144 United States
99%
Basketball 5 United States
99%
Golf 283 United States
99%
Soccer 2 France
98%
Formula 1 81 France
98%
Cricket 2 India
98%
Field Hockey 1 India
98%
Cricket 6 Australia
97%
Field Hockey 3 Australia
97%
Tennis 45 Australia
97%
Golf 18 Australia
97%
Rugby Union 2 Australia
97%
Tennis 32 Germany
97%
Soccer 4 Italy
97%
Soccer 3 Argentina
96%
Tennis 38 Spain
95%
Basketball 2 Spain
95%
Golf 10 Spain
95%
Formula 1 308 United Kingdom
95%
Golf 108 United Kingdom
95%
Rugby Union 3 New Zealand
94%
Field Hockey 4 Pakistan
86%
Golf 22 South Africa
81%
Rugby Union 4 South Africa
81%
Cricket 1 England
77%
Rugby Union 1 England
77%
Field Hockey 3 Netherlands
74%
Basketball 3 Soviet Union
74%
Basketball 5 Yugoslavia
64%
Tennis 35 Serbia
63%
Cricket 1 Sri Lanka
51%
Formula 1 57 Finland
49%
Cricket 2 West Indies
38%
No matching quizzes found
Score Distribution
Percent of People with Each Score
Percentile by Number Answered
Your Score History
You have not taken this quiz